<?xml version="1.0" encoding="UTF-8"?>
<record
    xmlns:xsi="http://www.w3.org/2001/XMLSchema-instance"
    xsi:schemaLocation="http://www.loc.gov/MARC21/slim http://www.loc.gov/standards/marcxml/schema/MARC21slim.xsd"
    xmlns="http://www.loc.gov/MARC21/slim">

  <leader>00842nam a22002417a 4500</leader>
  <controlfield tag="003">0</controlfield>
  <controlfield tag="005">20160609165026.0</controlfield>
  <controlfield tag="008">090930t        xxu||||| |||| 00| 0 eng d</controlfield>
  <datafield tag="040" ind1=" " ind2=" ">
    <subfield code="a">BUAC</subfield>
    <subfield code="b">FR</subfield>
    <subfield code="c">BAC</subfield>
  </datafield>
  <datafield tag="041" ind1=" " ind2=" ">
    <subfield code="a">FR</subfield>
  </datafield>
  <datafield tag="082" ind1=" " ind2=" ">
    <subfield code="a">297.09 HAD</subfield>
  </datafield>
  <datafield tag="100" ind1=" " ind2=" ">
    <subfield code="a">Haddad, Yivonne Yazbeck</subfield>
    <subfield code="9">904</subfield>
  </datafield>
  <datafield tag="245" ind1=" " ind2=" ">
    <subfield code="a">Les Communaut&#xE9;s musulmanes en Am&#xE9;rique du Nord </subfield>
    <subfield code="b">: trad. de l'am&#xE9;ricain par Monique Berry</subfield>
    <subfield code="c">/Textes r&#xE9;unis par Yvonne Yazbeck Haddad et Jane Idleman Smith</subfield>
  </datafield>
  <datafield tag="260" ind1=" " ind2=" ">
    <subfield code="a">Paris</subfield>
    <subfield code="b">Nouveaux Horizons</subfield>
    <subfield code="c">2000</subfield>
  </datafield>
  <datafield tag="300" ind1=" " ind2=" ">
    <subfield code="a">XI-355 p.</subfield>
    <subfield code="b">Couv. en coul.</subfield>
    <subfield code="c">24 cm</subfield>
  </datafield>
  <datafield tag="500" ind1=" " ind2=" ">
    <subfield code="a">Titre original: Muslim communities in North America</subfield>
  </datafield>
  <datafield tag="600" ind1=" " ind2=" ">
    <subfield code="a">Smith, Idleman Jane</subfield>
    <subfield code="9">905</subfield>
  </datafield>
  <datafield tag="650" ind1=" " ind2=" ">
    <subfield code="a">Communaut&#xE9; musulmane</subfield>
    <subfield code="9">906</subfield>
  </datafield>
  <datafield tag="650" ind1=" " ind2=" ">
    <subfield code="a">Am&#xE9;rique du Nord</subfield>
    <subfield code="9">907</subfield>
  </datafield>
  <datafield tag="650" ind1=" " ind2=" ">
    <subfield code="a">Chiites en Am&#xE9;rique du Nord</subfield>
    <subfield code="9">908</subfield>
  </datafield>
  <datafield tag="700" ind1=" " ind2=" ">
    <subfield code="a">Monique Berry</subfield>
    <subfield code="9">909</subfield>
  </datafield>
  <datafield tag="942" ind1=" " ind2=" ">
    <subfield code="c">LIVR</subfield>
  </datafield>
  <datafield tag="999" ind1=" " ind2=" ">
    <subfield code="c">46224</subfield>
    <subfield code="d">46224</subfield>
  </datafield>
  <datafield tag="952" ind1=" " ind2=" ">
    <subfield code="0">0</subfield>
    <subfield code="1">0</subfield>
    <subfield code="4">0</subfield>
    <subfield code="7">0</subfield>
    <subfield code="a">BAC</subfield>
    <subfield code="b">BAC</subfield>
    <subfield code="d">2009-09-30</subfield>
    <subfield code="e">Don CCA</subfield>
    <subfield code="l">0</subfield>
    <subfield code="o">297.09 HAD</subfield>
    <subfield code="p">00165 BAC</subfield>
    <subfield code="r">2009-09-30 00:00:00</subfield>
    <subfield code="t">1</subfield>
    <subfield code="w">2009-09-30</subfield>
    <subfield code="y">LIVR</subfield>
  </datafield>
</record>
